000 00415nam a22001457a 4500
008 150716b xxu||||| |||| 00| 0 eng d
050 _aJC571.U581 2013
100 _aUnited Nations
_918310
245 _aUN Declaration on Human Rights Defenders
260 _aKampla
_bHuman Rights Centre Uganda
_c2013
300 _a20p.
500 _aEnglish/Kiswahili
650 _aCivil Rights
_92221
942 _2lcc
_cMONOGRAPH
999 _c122970
_d122970